Pracovná kariéra socialistického človeka

Bibliographic Details
Main Author: Bury, František (Author)
Format: Article
Language:Slovak
Subjects:

MARC

LEADER 00000nab a2200000 a 4500
001 vtls000411217
003 SK-MaSNL
005 20260303225113.0
008 120925c1987 xo 0 slo
015 |a SNBRA19rr/mm-uuuuu 
035 |a CL0411341 
040 |a SNKBUCL  |b slo  |c SNKBUCL  |e AACR2 
041 0 |a slo 
044 |a xo  |c SK 
080 |a 159.923  |2 1981 
100 1 |a Bury, František  |4 aut  |9 445186 
245 1 0 |a Pracovná kariéra socialistického človeka  |c F. Bury 
650 0 7 |a osobnosť (psych.)  |2 snkbucl  |9 926485 
655 7 |a články zo zborníkov  |2 snkbucl  |9 166140 
773 0 |t Teoretické konštanty a praktické uplatnenia sociálnej psychológie v spoločenskej praxi  |d Košice : Spoločenskovedný ústav SAV, 1987 
850 |a Slovenská národná knižnica v Martine  |a MTA001 
852 |a SNK  |b KIS3GCP 
958 |a RK 
992 |a RZB 
999 |c 2255697  |d 2257627